L'évolution religieuse dans les diverses races humaines / (Record no. 157635)

MARC details
000 -LEADER
campo de control de longitud fija 00737nam a22002175i 4500
001 - NÚMERO DE CONTROL
campo de control 157635
003 - IDENTIFICADOR DE NÚMERO DE CONTROL
campo de control ES-MaACL
005 - FECHA Y HORA DE LA ÚLTIMA TRANSACCIÓN
campo de control 20250728110715.0
008 - DATOS DE LONGITUD FIJA--INFORMACIÓN GENERAL
campo de control de longitud fija 021015s1898 fr |||| | fre d
040 ## - FUENTE DE CATALOGACIÓN
Centro catalogador/agencia de origen CCPB | B
Lengua de catalogación spa
Centro/agencia transcriptor CCPB | B
100 1# - ENTRADA PRINCIPAL--NOMBRE DE PERSONA
Nombre de persona Letourneau, Charles.
9 (RLIN) 71888
245 12 - MENCIÓN DEL TÍTULO
Título L'évolution religieuse dans les diverses races humaines /
Mención de responsabilidad, etc. par Ch. Letourneau.
250 ## - MENCION DE EDICION
Mención de edición 2ème éd.
260 ## - PUBLICACIÓN, DISTRIBUCIÓN, ETC.
Lugar de publicación, distribución, etc. Paris :
Nombre del editor, distribuidor, etc. Vigot Frères, éditeurs,
Fecha de publicación, distribución, etc. 1898.
300 ## - DESCRIPCIÓN FÍSICA
Extensión XX, 607 p. ;
Dimensiones 23 cm.
490 1# - MENCIÓN DE SERIE
Mención de serie Bibliothèque anthropologique ;
Designación de volumen o secuencia 20
650 #7 - PUNTO DE ACCESO ADICIONAL DE MATERIA--TÉRMINO DE MATERIA
Término de materia o nombre geográfico como elemento de entrada Religión
Fuente del encabezamiento o término embne
9 (RLIN) 16797
830 0# - PUNTO DE ACCESO ADICIONAL DE SERIE-TÍTULO UNIFORME
Título uniforme Bibliothèque anthropologique ;
Designación de volumen o secuencia 20
9 (RLIN) 187951
852 ## - LOCALIZACIÓN
Ubicación ES-MaACL
Número de control de estantería F-14331
Nota libre -- Pasta española
Holdings
Estatus retirado Estado de pérdida Estado de daño No para préstamo Colección Biblioteca de origen Biblioteca actual Ubicación en estantería Fecha de adquisición Fuente de adquisición Total de préstamos Signatura topográfica completa Código de barras Visto por última vez Precio de reemplazo Tipo de ítem Koha
        Libros del s. XIX Biblioteca del Ateneo de Madrid Biblioteca del Ateneo de Madrid Sala Pecera Planta 2 17/01/2008     F-14331 1164960 23/02/2023 23/02/2023 Libro impreso antiguo